[Event "HUN-chT2 Breyer 1415"]
[Site "Hungary"]
[Date "2014.11.16"]
[Round "?"]
[White "Szobi, Zoltan"]
[Black "Kelemen, Szabolcs"]
[Result "1-0"]
[WhiteElo "2105"]
[BlackElo "1440"]
[PlyCount "93"]
[EventDate "2014.09.07"]
[EventType "team-tourn"]
[EventRounds "11"]
[EventCountry "HUN"]
[SourceTitle "EXT 2016"]
[Source "ChessBase"]
[SourceDate "2015.10.08"]
[SourceVersion "1"]
[SourceVersionDate "2015.10.08"]
[SourceQuality "1"]
[WhiteTeam "Geniusz Tata"]
[BlackTeam "Torokbalint"]
[WhiteTeamCountry "HUN"]
[BlackTeamCountry "HUN"]

1. d4 Nf6 2. Bf4 c5 3. d5 Qb6 4. b3 Qb4+ 5. Bd2 Qd4 6. Nc3 Nxd5 7. Nb5 Qe5 8. Nf3 Qf6 9. e4 a6 10. exd5 axb5 11. Bxb5 g6 12. a4 Bg7 13. Rc1 0-0 14. 0-0 d6 15. Bg5 Qf5 16. Bxe7 Bd7 17. Bxd7 Nxd7 18. Bxf8 Bxf8 19. c4 Ra6 20. b4 cxb4 21. Rb1 b3 22. Qxb3 Nc5 23. Qb5 Rxa4 24. Ra1 Ra6 25. Rxa6 bxa6 26. Qb2 Qg4 27. Qe2 Nd7 28. h3 Qf4 29. Re1 Nc5 30. Nd2 Bh6 31. Ne4 Qxe4 32. Qxe4 Nxe4 33. Rxe4 Bd2 34. Kf1 Bb4 35. Ke2 a5 36. Kd3 a4 37. Re8+ Kg7 38. Kc2 Kf6 39. g4 g5 40. f3 h6 41. Kd3 Bc5 42. Ke4 Bb4 43. Rb8 Bc5 44. f4 a3 45. f5 Kg7 46. Kd3 Kf6 47. Kc2 1-0

[Event "HUN-chT2 Charousek 1213"]
[Site "Hungary"]
[Date "2013.03.03"]
[Round "8"]
[White "Mester, Attila"]
[Black "Szobi, Zoltan"]
[Result "1-0"]
[WhiteElo "2078"]
[BlackElo "2105"]
[PlyCount "81"]
[EventDate "2012.09.16"]
[EventType "team-tourn"]
[EventRounds "11"]
[EventCountry "HUN"]
[SourceTitle "EXT 2014"]
[Source "ChessBase"]
[SourceDate "2013.11.20"]
[SourceVersion "1"]
[SourceVersionDate "2013.11.20"]
[SourceQuality "1"]
[WhiteTeam "Penzugyor II"]
[BlackTeam "Geniusz Tata"]
[WhiteTeamCountry "HUN"]
[BlackTeamCountry "HUN"]

1. e4 c5 2. Nf3 g6 3. d4 Bg7 4. c3 cxd4 5. cxd4 d5 6. e5 Bg4 7. Bb5+ Nc6 8. Bxc6+ bxc6 9. Nbd2 e6 10. Qa4 Ne7 11. 0-0 0-0 12. h3 Bxf3 13. Nxf3 Re8 14. Bd2 c5 15. dxc5 Qc7 16. Ba5 Qb7 17. Bc3 a5 18. Rac1 Nc6 19. Rfe1 Qc7 20. a3 Red8 21. Bd4 Rdb8 22. Re2 Ra7 23. g3 Rab7 24. Kg2 Rb5 25. Rcc2 Bf8 26. Be3 Bg7 27. Nd4 Nxd4 28. Bxd4 Bf8 29. Re1 Qc6 30. Rec1 Be7 31. h4 Kg7 32. Kg1 h5 33. b4 f6 34. exf6+ Bxf6 35. Bxf6+ Kxf6 36. bxa5 Ra8 37. Qf4+ Kg7 38. Rc3 Rbxa5 39. Rf3 R5a7 40. Qe5+ Kg8 41. Rf6 1-0